[Event "Yancheng m"]
[Site "Yancheng"]
[Date "2025.07.05"]
[Round "4"]
[White "Aronian, Levon"]
[Black "Wei, Yi"]
[Result "1/2-1/2"]
[WhiteElo "2742"]
[BlackElo "2748"]
[PlyCount "60"]
[EventDate "2025.07.02"]
[EventType "match"]
[EventRounds "4"]
[EventCountry "CHN"]
[SourceTitle "CB28_2025"]
[SourceDate "2025.07.09"]
[SourceVersion "1"]
[SourceVersionDate "2025.07.09"]
[SourceQuality "1"]

1. e4 e5 2. Nf3 Nf6 3. Nxe5 d6 4. Nf3 Nxe4 5. d4 d5 6. Bd3 Be7 7. 0-0 Bf5 8. Re1 0-0 9. c4 Nc6 10. cxd5 Qxd5 11. Nc3 Nxc3 12. bxc3 Bxd3 13. Qxd3 Rae8 14. Bf4 Bd6 15. c4 Qh5 16. Bxd6 cxd6 17. Qa3 Qa5 18. Qxd6 Rxe1+ 19. Rxe1 Rd8 20. Re3 h6 21. Qf4 Qxa2 22. d5 Na5 23. Re7 Rf8 24. d6 Qxc4 25. Qxc4 Nxc4 26. Rxb7 Nxd6 27. Rxa7 Nc8 28. Ra8 Nd6 29. Ra7 Nc8 30. Ra8 Nd6 1/2-1/2

[Event "CHN Nat Games qual tt 15th"]
[Site "Huairou District"]
[Date "2025.06.11"]
[Round "2.13"]
[White "Wei, Yi"]
[Black "Wang, Yue"]
[Result "1/2-1/2"]
[WhiteElo "2758"]
[BlackElo "2627"]
[PlyCount "36"]
[EventDate "2025.06.11"]
[EventType "team-swiss (rapid)"]
[EventRounds "7"]
[EventCountry "CHN"]
[SourceTitle "CB25_2025"]
[SourceDate "2025.06.18"]
[SourceVersion "1"]
[SourceVersionDate "2025.06.18"]
[SourceQuality "1"]
[WhiteTeam "Jiangsu Province"]
[BlackTeam "Tianjin City"]
[WhiteTeamCountry "CHN"]
[BlackTeamCountry "CHN"]

1. g3 d5 2. Nf3 g6 3. Bg2 Bg7 4. 0-0 Nf6 5. d4 0-0 6. c4 c6 7. Ne5 Ng4 8. Nf3 Nf6 9. cxd5 cxd5 10. Ne5 Ng4 11. Nxg4 Bxg4 12. Nc3 Nc6 13. h3 Bd7 14. Nxd5 e6 15. Nc3 Nxd4 16. Bxb7 Rb8 17. Bg2 Bc6 18. Rb1 Bxg2 1/2-1/2

[Event "Norway Chess Armageddon 13th"]
[Site "Stavanger"]
[Date "2025.06.06"]
[Round "10"]
[White "Wei, Yi"]
[Black "Nakamura, Hikaru"]
[Result "1-0"]
[WhiteElo "2758"]
[BlackElo "2804"]
[PlyCount "67"]
[EventDate "2025.05.26"]
[EventType "tourn (rapid)"]
[EventRounds "10"]
[EventCountry "NOR"]
[SourceTitle "CB24_2025"]
[SourceDate "2025.06.11"]
[SourceVersion "1"]
[SourceVersionDate "2025.06.11"]
[SourceQuality "1"]

1. e4 e5 2. Bc4 Nf6 3. d3 c6 4. Nf3 d5 5. Bb3 a5 6. a4 Bb4+ 7. c3 Bd6 8. exd5 cxd5 9. Bg5 Be6 10. Na3 Nc6 11. Nb5 Bb8 12. Qe2 h6 13. Bh4 0-0 14. 0-0-0 Re8 15. Rhe1 d4 16. Qc2 dxc3 17. bxc3 Bxb3 18. Qxb3 Qd5 19. Kb2 Qxb3+ 20. Kxb3 g5 21. Bg3 e4 22. dxe4 Nxe4 23. Bc7 Re6 24. Ne5 Nc5+ 25. Kc2 Nxa4 26. Nxc6 bxc6 27. Rd8+ Kh7 28. Rxe6 fxe6 29. Nd4 Bxc7 30. Rxa8 Bxh2 31. Rxa5 Nb6 32. Ra7+ Kg6 33. Ra6 Nd5 34. Rxc6 1-0

[Event "Norway Chess 13th"]
[Site "Stavanger"]
[Date "2025.06.02"]
[Round "7"]
[White "Caruana, Fabiano"]
[Black "Wei, Yi"]
[Result "1-0"]
[WhiteElo "2776"]
[BlackElo "2758"]
[PlyCount "109"]
[EventDate "2025.05.26"]
[EventType "tourn"]
[EventRounds "10"]
[EventCountry "NOR"]
[EventCategory "22"]
[SourceTitle "CB24_2025"]
[SourceDate "2025.06.11"]
[SourceVersion "1"]
[SourceVersionDate "2025.06.11"]
[SourceQuality "1"]

1. Nf3 Nf6 2. g3 c5 3. Bg2 d5 4. 0-0 g6 5. d3 Bg7 6. Be3 d4 7. Bf4 0-0 8. c3 Be6 9. Qa4 Nc6 10. Ne5 Nd5 11. Nxc6 bxc6 12. Bd2 c4 13. dxc4 Nb6 14. Qc2 Nxc4 15. cxd4 Nxd2 16. Nxd2 Qxd4 17. b3 a5 18. Rad1 a4 19. Bxc6 Rac8 20. Nc4 axb3 21. axb3 Qc3 22. Qxc3 Bxc3 23. Bd5 Bh3 24. Bg2 Be6 25. Nb6 Rb8 26. Nd7 Bxd7 27. Rxd7 e6 28. Bb7 Rfd8 29. Rxd8+ Rxd8 30. Rc1 Ba5 31. Ba6 Rd2 32. Rc5 Ra2 33. Bc4 Bb4 34. Rb5 Be7 35. Rb7 Kf8 36. Kg2 g5 37. Bd3 Rb2 38. f4 gxf4 39. gxf4 h5 40. Kf3 h4 41. h3 Bd6 42. Kg4 Ra2 43. f5 Ra1 44. fxe6 fxe6 45. Bc4 Rg1+ 46. Kh5 e5 47. e4 Re1 48. Bd5 Be7 49. b4 Re3 50. b5 Rxh3 51. b6 Bc5 52. Rb8+ Ke7 53. b7 Bd6 54. Ra8 Rf3 55. b8Q 1-0

[Event "Norway Chess Armageddon 13th"]
[Site "Stavanger"]
[Date "2025.05.29"]
[Round "4"]
[White "Nakamura, Hikaru"]
[Black "Wei, Yi"]
[Result "1/2-1/2"]
[WhiteElo "2804"]
[BlackElo "2758"]
[PlyCount "104"]
[EventDate "2025.05.26"]
[EventType "tourn (rapid)"]
[EventRounds "10"]
[EventCountry "NOR"]
[SourceTitle "CB24_2025"]
[SourceDate "2025.06.11"]
[SourceVersion "1"]
[SourceVersionDate "2025.06.11"]
[SourceQuality "1"]

1. b3 d5 2. Bb2 Nf6 3. g3 g6 4. Nf3 c5 5. Bg2 Bg7 6. 0-0 Nc6 7. Ne5 h5 8. Nxc6 bxc6 9. h4 0-0 10. c4 d4 11. d3 e5 12. Nd2 Qd6 13. Qc2 a5 14. Rae1 Bf5 15. Ba3 Rad8 16. Rd1 Rfe8 17. Ne4 Nxe4 18. dxe4 Bg4 19. Bc1 a4 20. bxa4 Ra8 21. f3 Bc8 22. f4 exf4 23. Bxf4 Qd8 24. e3 Bg4 25. Rd3 Qa5 26. e5 dxe3 27. Rxe3 Re6 28. Qf2 Qxa4 29. a3 Qxc4 30. Kh2 Rae8 31. Re4 Qb5 32. Rc1 Bxe5 33. Rxc5 Qb6 34. Rc2 Qxf2 35. Rxf2 Bxf4 36. Rexf4 Bf5 37. a4 Ra8 38. Rc4 Ra6 39. Ra2 Rd6 40. Rc5 Be6 41. Ra3 Rd2 42. Kg1 Rd1+ 43. Kf2 Rd2+ 44. Kf1 Rb6 45. Rc1 Bd5 46. Bf3 Rbb2 47. Ke1 Bxf3 48. Rxf3 Re2+ 49. Kf1 Rh2 50. Ke1 Rhe2+ 51. Kf1 Rh2 52. Ke1 Rhe2+ 1/2-1/2

[Event "Chess.com Classic Losers"]
[Site "Chess.com INT"]
[Date "2025.05.21"]
[Round "2.1"]
[White "Wei, Yi"]
[Black "Aronian, Levon"]
[Result "1/2-1/2"]
[WhiteElo "2758"]
[BlackElo "2747"]
[PlyCount "89"]
[EventDate "2025.05.20"]
[EventType "k.o. (blitz)"]
[EventRounds "6"]
[EventCountry "USA"]
[SourceTitle "CB21_2025"]
[SourceDate "2025.05.21"]
[SourceVersion "1"]
[SourceVersionDate "2025.05.21"]
[SourceQuality "1"]

1. d4 d5 2. Bf4 Bf5 3. e3 e6 4. Nf3 Bd6 5. Bg3 Nf6 6. Bd3 Ne4 7. Nbd2 Nxg3 8. hxg3 Bxd3 9. cxd3 c6 10. g4 Nd7 11. Qe2 a5 12. g3 a4 13. a3 Qb6 14. Rb1 Ra5 15. 0-0 0-0 16. Kg2 Rb5 17. Qd1 Rxb2 18. Qxa4 Rb8 19. Rfc1 h6 20. g5 h5 21. g6 fxg6 22. Ng5 Nf8 23. Qd1 Rxb1 24. Rxb1 Qd8 25. f4 Bxa3 26. Ndf3 Be7 27. Qh1 Qa5 28. Kh3 Bxg5 29. Nxg5 Qd2 30. Rb3 Qxe3 31. Qa1 Nh7 32. Qa7 Nxg5+ 33. fxg5 Qc1 34. Qxb8+ Kh7 35. g4 hxg4+ 36. Kh4 Qe1+ 37. Qg3 Qh1+ 38. Kxg4 Qd1+ 39. Kf4 Qxb3 40. Qh3+ Kg8 41. Qxe6+ Kh7 42. Qh3+ Kg8 43. Qe6+ Kh7 44. Qh3+ Kg8 45. Qe6+ 1/2-1/2

[Event "Chess.com Classic Winners"]
[Site "Chess.com INT"]
[Date "2025.05.20"]
[Round "1.2"]
[White "Artemiev, Vladislav"]
[Black "Wei, Yi"]
[Result "0-1"]
[WhiteElo "2679"]
[BlackElo "2758"]
[PlyCount "172"]
[EventDate "2025.05.20"]
[EventType "k.o. (blitz)"]
[EventRounds "5"]
[EventCountry "USA"]
[SourceTitle "CB21_2025"]
[SourceDate "2025.05.21"]
[SourceVersion "1"]
[SourceVersionDate "2025.05.21"]
[SourceQuality "1"]

1. Nf3 c5 2. b3 Nf6 3. Bb2 d5 4. e3 g6 5. c4 dxc4 6. Bxc4 Bg7 7. 0-0 0-0 8. d4 cxd4 9. Nxd4 Bd7 10. Nd2 Nc6 11. N2f3 Nxd4 12. Bxd4 Bc6 13. Rc1 Ne4 14. Bxg7 Kxg7 15. Ne5 Be8 16. Bd5 Nd6 17. Qd4 f6 18. Nd3 e5 19. Qb2 Bf7 20. Bxf7 Rxf7 21. Rfd1 Qf8 22. h3 Re8 23. Nb4 Rd8 24. Nd5 Rfd7 25. Nc3 Qf7 26. Rd2 Nf5 27. Rxd7 Rxd7 28. Ne4 b6 29. Rc6 Qd5 30. Qc2 Nd6 31. Nxd6 Rxd6 32. Rc7+ Rd7 33. Kh2 h5 34. h4 Qd6 35. Rc8 e4+ 36. g3 Qe6 37. Kg2 Qf5 38. Kg1 Qf3 39. Rc7 Rxc7 40. Qxc7+ Kh6 41. Qd6 g5 42. hxg5+ Kxg5 43. Qd7 Kg6 44. Qe8+ Kg7 45. Qe7+ Kg6 46. Qd8 Kg7 47. Qd5 Qg4 48. Kf1 Qh3+ 49. Ke2 Qg4+ 50. Ke1 Qf3 51. Qd7+ Kg6 52. Qe8+ Kg7 53. Qe7+ Kg6 54. Qe8+ Kg7 55. Qd7+ Kg6 56. Qh3 Qg4 57. Qxg4+ hxg4 58. Kd2 Kf5 59. Kc3 Ke5 60. Kc4 a6 61. a4 Kd6 62. Kd4 f5 63. b4 Ke6 64. Kc4 Kd6 65. a5 bxa5 66. bxa5 Kc6 67. Kd4 Kb5 68. Ke5 Kxa5 69. Kxf5 Kb4 70. Kxe4 a5 71. Kd3 Kb3 72. e4 a4 73. e5 a3 74. e6 a2 75. e7 a1Q 76. e8Q Qd1+ 77. Ke3 Qe1+ 78. Kf4 Qxe8 79. Kxg4 Qf7 80. f4 Kc4 81. Kf3 Kd4 82. Kg4 Qe6+ 83. Kg5 Ke4 84. g4 Qg8+ 85. Kh5 Kxf4 86. g5 Qh7# 0-1

[Event "Chess.com Classic Winners"]
[Site "Chess.com INT"]
[Date "2025.05.20"]
[Round "1.1"]
[White "Wei, Yi"]
[Black "Artemiev, Vladislav"]
[Result "1/2-1/2"]
[WhiteElo "2758"]
[BlackElo "2679"]
[PlyCount "103"]
[EventDate "2025.05.20"]
[EventType "k.o. (blitz)"]
[EventRounds "5"]
[EventCountry "USA"]
[SourceTitle "CB21_2025"]
[SourceDate "2025.05.21"]
[SourceVersion "1"]
[SourceVersionDate "2025.05.21"]
[SourceQuality "1"]

1. e4 e5 2. Nf3 Nc6 3. Bc4 Nf6 4. d3 Be7 5. Nc3 0-0 6. a3 d6 7. Be3 Kh8 8. h3 Nd7 9. g4 Nb6 10. Ba2 Be6 11. Nd5 Nb8 12. d4 Bxd5 13. exd5 N8d7 14. dxe5 Nxe5 15. Nxe5 dxe5 16. Qd2 Bd6 17. 0-0-0 Qe7 18. Rhe1 Nd7 19. f4 exf4 20. Bxf4 Qf6 21. Bg5 Qg6 22. Bc4 Ne5 23. Be2 Rae8 24. Kb1 f5 25. gxf5 Qxf5 26. h4 Nf3 27. Bxf3 Qxf3 28. Re3 Qh5 29. Re6 h6 30. Be3 Rxe6 31. dxe6 Re8 32. Bxa7 Rxe6 33. Bd4 Rg6 34. Re1 Qxh4 35. Re8+ Kh7 36. Qd3 Qh1+ 37. Ka2 Qc6 38. Rd8 Be7 39. Rb8 b6 40. b3 Qe6 41. Bb2 Bf6 42. Bxf6 Qxf6 43. Qc4 Rg1 44. Qg8+ Kg6 45. Qe8+ Kf5 46. Qd7+ Kg5 47. Qd2+ Kg6 48. Qd3+ Kf7 49. Qd7+ Kg6 50. Qd3+ Kf7 51. Qd7+ Kg6 52. Qd3+ 1/2-1/2